A concise monograph of selected Israeli pharmaceuticals and disinfection AIDS

Bibliographic Details
Main Authors: Šutiak, Václav, 1944- (Author), Šutiaková, Irena, 1948- (Author)
Corporate Author: University of Veterinary Medicine Košice (vyd)
Format: Book
Language:English
PhysicalDescription:115 s. tab., zozn. 23 cm
Published: Košice University of Veterinary Medicine 1999
ISBN:8088950058
Subjects:

MARC

LEADER 00000nam a2200000 a 4500
001 vtls001382765
003 SK-MaSNL
005 20260301011421.0
008 240314s1999 xo a r y eng
015 |a SNBE2001/01-00295 
020 |a 8088950058 
035 |a SNK000336824 
035 |a urn:nbn:sk:snk-amkkoa 
035 |a urn:nbn:sk:snk-am003v79 
035 |a 60EDCC72-87BB-4EFF-BE2F-2009E514EF9C 
040 |a SNK  |b slo  |c SNK  |e AACR2 
041 0 |a eng 
044 |a xo  |c SK 
080 |a 619:615.4:636(075.4)=20  |2 1981 
080 |a 615.4  |2 1981 
080 |a 636  |2 1981 
100 1 |a Šutiak, Václav,  |d 1944-  |4 aut  |9 199196 
245 1 0 |a A concise monograph of selected Israeli pharmaceuticals and disinfection AIDS  |c V. Šutiak and I. Šutiaková, sr. 
260 |a Košice  |b University of Veterinary Medicine  |c 1999 
300 |a 115 s.  |b tab., zozn.  |c 23 cm 
504 |a Lit. s. 99-100. Reg. 
650 0 7 |a prípravky farmaceutické veterinárne  |z Izrael  |x dávkovanie  |x spravodaje informačné  |2 SNK  |9 294791 
650 0 7 |a prípravky dezinfekčné veterinárne  |z Izrael  |x použitie  |x spravodaje informačné  |2 SNK  |9 294792 
655 7 |a informačné publikácie  |2 SNK  |9 70181 
700 1 |a Šutiaková, Irena,  |d 1948-  |4 aut  |9 199198 
710 0 |a University of Veterinary Medicine Košice  |4 vyd  |9 294793 
919 |a 80-88950-05-8 
958 |a TL 
958 |a DG 
958 |a NB 
999 |c 550813  |d 552743 
952 |t P60, <03>, [BOOK], {603}  |a SNK  |b SNK  |y PREZ  |7 0  |p 17A0228518  |o snkSC 100832  |i snkKSP 1984/2000  |0 0  |1 0  |4 0  |d 2000-02-15  |f 1  |l 0  |r 2025-09-19 00:00:00  |w 2026-02-23 
952 |t P60, <04>, [BOOK], {604}  |a SNK  |b SNK  |y VYP  |7 0  |p 17A0228520  |o snkSC 100832 D1  |i snkKSP 1985/2000  |0 0  |1 0  |4 0  |d 2000-02-15  |l 0  |r 2005-01-02 00:00:00  |w 2026-02-23